Statystyki dla Wszystkie planety w Astroneer

Kliknij tutaj aby rozwiązać quiz!

Ogólne statystyki

  • Ten quiz został rozwiązany 11 razy
  • Średni wynik to 5 z 7

Statystyki odpowiedzi

Planeta% Poprawnych
Sylva
100%
Atrox
91%
Glacio
73%
Vesania
64%
Calidor
55%
Desolo
55%
Novus
55%

Rozkład punktacji

Percentyl według liczby udzielonych odpowiedzi

Procent ludzi z każdym wynikiem

Twoja historia wyników

Nie rozwiązałeś tego quizu